Top 50 AFL Players 2025 - Statistics

General Stats
  • This quiz has been taken 216 times
  • The average score is 37 of 50
Answer Stats
Rank Position Team Answer % Correct
1 Midfield Carltion Patrick Cripps
99%
3 Midfield Collingwood Nick Daicos
97%
4 Midfield Brisbane Lachie Neale
96%
2 Midfield Bulldogs Marcus Bontempelli
94%
7 Forward Carlton Charlie Curnow
93%
8 Forward Geelong Jeremy Cameron
93%
5 Mid-forward Melbourne Christian Petracca
92%
6 Mid-forward Sydney Isaac Heeney
92%
14 Forward GWS Toby Greene
91%
21 Ruck Melbourne Max Gawn
90%
10 Midfield Port Adelaide Zak Butters
90%
11 Midfield Fremantle Caleb Serong
89%
16 Midfield GWS Tom Green
89%
12 Forward GWS Jesse Hogan
88%
17 Midfield Essendon Zach Merrett
87%
13 Mid-forward Sydney Chad Warner
85%
15 Defender Hawthorn James Sicily
85%
20 Wing Sydney Errol Gulden
83%
22 Midfield Gold Coast Noah Anderson
83%
29 Mid-forward Port Adelaide Connor Rozee
82%
18 Defender Brisbane Harris Andrews
82%
9 Defender GWS Sam Taylor
81%
30 Midfield Adelaide Jordan Dawson
79%
32 Midfield Gold Coast Matt Rowell
79%
44 Midfield Fremantle Andrew Brayshaw
77%
19 Mid-forward Port Adelaide Jason Horne-Francis
77%
40 Defender North Melbourne Harry Sheezel
76%
23 Mid-forward Adelaide Izak Rankine
76%
24 Defender Carlton Jacob Weitering
76%
35 Midfield Carlton Sam Walsh
75%
38 Forward North Melbourne Nick Larkey
74%
36 Ruck St Kilda Rowan Marshall
74%
27 Defender Geelong Tom Stewart
74%
49 Forward Hawthorn Dylan Moore
73%
43 Defender Brisbane Dayne Zorko
68%
41 Forward Carlton Harry McKay
68%
26 Midfield North Melbourne Luke Davies-Uniacke
65%
37 Mid-forward Geelong Patrick Dangerfield
65%
33 Midfield Bulldogs Tom Liberatore
65%
28 Mid-forward Collingwood Jordan De Goey
60%
42 Defender GWS Lachie Whitfield
59%
31 Midfield Bulldogs Adam Treloar
58%
46 Defender St Kilda Jack Sinclair
54%
25 Mid-forward Fremantle Shai Bolton
51%
48 Midfield Fremantle Hayden Young
50%
45 Defender Geelong Max Holmes
50%
39 Midfield Brisbane Hugh McCluggage
46%
34 Defender Collingwood Dan Houston
45%
47 Forward Bulldogs Jamarra Ugle-Hagan
38%
50 Mid-forward GWS Brent Daniels
34%
No matching quizzes found
Score Distribution
Percent of People with Each Score
Percentile by Number Answered
Your Score History
You have not taken this quiz